Hormigones ligeros armados / Helmut Weiglery Sieghart Karl (Registro nro. 10071)

Detalles MARC
000 -LEADER
fixed length control field 00586nam a22002171a 4500
001 - CONTROL NUMBER
control field 10071
003 - CONTROL NUMBER IDENTIFIER
control field OSt
005 - DATE AND TIME OF LATEST TRANSACTION
control field 20260204212144.0
008 - FIXED-LENGTH DATA ELEMENTS--GENERAL INFORMATION
fixed length control field 070816s1993||||sp ||||||b||||||||||spa||
020 ## - NUMERO DE LIBRO INTERNACIONAL NORMALIZADO
International Standard Book Number 8425208505
050 ## - LIBRARY OF CONGRESS CALL NUMBER
Classification number 624.15337 W428h
100 ## - ASIENTO PRINCIPAL -- NOMBRE PERSONAL
Personal name Weigler, Helmut
245 ## - TÍTULO PROPIAMENTE DICHO: SUBTÍTULO
Title Hormigones ligeros armados / Helmut Weiglery Sieghart Karl
250 ## - MENCIÓN DE EDICIÓN
Edition statement 2
264 ## - PRODUCTION, PUBLICATION, DISTRIBUTION, MANUFACTURE, AND COPYRIGHT NOTICE
Place of production, publication, distribution, manufacture España : Gustavo Gili
300 ## - PHYSICAL DESCRIPTION
Extensión 261 p
500 ## - GENERAL NOTE
General note Incluye bibliografía
650 ## - ASIENTO SECUNDARIO DE MATERIA -- TERMINO TEMÁTICO
Termino Temático Como Elemento de Entrada Hormigon Armado II. Materiales de Construcción
700 ## - ASIENTO SECUNDARIO -- NOMBRE PERSONAL
Personal name Karl, Sieghart II. Tít.Ì
942 ## - ADDED ENTRY ELEMENTS (KOHA)
Source of classification or shelving scheme Dewey Decimal Classification
Koha item type Libros
Existencias
Withdrawn status Lost status Source of classification or shelving scheme Damaged status Not for loan Current library Date acquired Total Checkouts Full call number Barcode Date last seen Price effective from Koha item type
    Dewey Decimal Classification     Biblioteca UTECO 09/09/2019   624.15337 W428H 012977 09/09/2019 09/09/2019 Libros
© 2021 Derechos Reservados UTECO - Teléfono: +1 809-585-2291 - Correo electrónico: biblioteca@uteco.edu.do​  
Código postal 43000 ​​
Dirección: Avenida Universitaria No. 100, 
Cotuí, Provincia Sánchez Ramírez, República Dominicana - RNC: 404-00059-6